| 000 | 00800nam a2200265Ia 4500 | ||
|---|---|---|---|
| 003 | OSt | ||
| 005 | 20220927112230.0 | ||
| 006 | a|||||r|||| 00| 0 | ||
| 007 | ta | ||
| 008 | 220926b |||||||| |||| 00| 0 eng d | ||
| 024 | _a110118 | ||
| 037 | _cReports | ||
| 040 |
_aRTL _cRTL _beng |
||
| 041 |
_2eng _aeng |
||
| 082 | _a"X9(JB).438r, (GD)" | ||
| 110 | _a"India, Government of...." | ||
| 245 | 0 | _aReport on the Attaran forests for the year 1860 wi | |
| 260 |
_aCalcutta _bBaptist Mission Press India _c1861 |
||
| 300 |
_a218p. _ccm. |
||
| 500 | _a"Selections from the records of Government of India, Foreign Department. 32." | ||
| 650 | _aForestry Industry | ||
| 700 | _a"India, Government of...." | ||
| 942 |
_h"X9(JB).438r, (GD)" _cCC |
||
| 999 |
_c699978 _d699978 |
||